U.S.A

Uloženo v:
Podrobná bibliografie
Hlavní autor: Dos Passos, John (Autor)
Médium: Kniha
Jazyk:angličtina
Vydáno: Harmondsworth Penguin Books 1966
Témata:
Tagy: Přidat tag
Žádné tagy, Buďte první, kdo vytvoří štítek k tomuto záznamu!

MARC

LEADER 00000nam a2200000 a 4500
001 UCQ3675
003 CL-VaPUC
008 980821e19660000uk |||||||||||||||||eng|d
082 0 4 |a 813  |b DOS  |2 21 
100 |a Dos Passos, John   |e author  |9 371936 
245 1 0 |a U.S.A 
300 |a 1184 p 
942 |c BK 
945 |d 19980821 00:00:00  |a crobeson 
260 |a Harmondsworth  |b Penguin Books  |c 1966 
650 0 |a Novelas estadounidenses  |9 265217 
650 0 |a Literatura estadounidense  |9 317168 
583 |a last modification  |c 20171204 02:29:58  |k Rodrigo Vera 
999 |c 274192  |d 274190 
952 |0 0  |1 0  |4 0  |6 813_000000000000000_DOS_1966  |7 0  |8 A  |9 310297  |a BIBEDU  |b BIBEDU  |d 2019-11-20  |i 1456962  |o 813 DOS 1966  |p 1456962  |r 2019-11-20  |w 2019-11-20  |y BK  |k LIT 
952 |0 0  |1 0  |4 0  |6 813_000000000000000_DOS_1966  |7 0  |8 A  |9 310298  |a BIBEDU  |b BIBEDU  |d 2019-11-20  |i 1462946  |o 813 DOS 1966  |p 1462946  |r 2019-11-20  |w 2019-11-20  |y BK  |k LIT